Welcome to the Holygrace Academy Library

Please use search bar below to get started

ACADEMIC DICTIONARY OF LAW AND LEGISLATION (Record no. 1495)

MARC details
000 -LEADER
fixed length control field 00434nam a22001577a 4500
020 ## - INTERNATIONAL STANDARD BOOK NUMBER
ISBN 818205-229-7
082 ## - DEWEY DECIMAL CLASSIFICATION NUMBER
Classification number 030
Item number CHA/A
100 ## - MAIN ENTRY--AUTHOR NAME
Personal name CHATURVEDY , J,.C
245 ## - TITLE STATEMENT
Title ACADEMIC DICTIONARY OF LAW AND LEGISLATION
Remainder of title SOCIAL SCIENCE
246 ## - VARYING FORM OF TITLE
Title proper/short title ACADEMIC DICTIONARY OF LAW AND LEGISLATION
Remainder of title SOCIAL SCIENCE
260 ## - PUBLICATION, DISTRIBUTION, ETC. (IMPRINT)
Place of publication DELHI
Name of publisher ISHA BOOKS
Year of publication 2005
300 ## - PHYSICAL DESCRIPTION
Number of Pages 276
520 ## - SUMMARY, ETC.
Summary, etc SOCIAL SCIENCE
650 ## - SUBJECT ADDED ENTRY--TOPICAL TERM
Topical Term SOCIAL SCIENCE
942 ## - ADDED ENTRY ELEMENTS (KOHA)
Koha item type Books
Holdings
Withdrawn status Lost status Collection code Home library Current library Shelving location Date acquired Cost, normal purchase price Full call number Accession Number Koha item type
    Reference Main Library Main Library SHELF-5 G REFERENCE SOCIAL SCIENCE 24/10/2006 150.00 030 CHA/A 04162 Books